00429nam a22001577a 450000500170000000800410001702000180005804100130007608200130008910000120010224500400011425000200015426000430017430000280021765000260024520241015082728.0241015b |||||||| |||| 00| 0 eng d a9780639009872 aEnglish  a345 SNY  lEnglish aSnyman's Criminal Law / cSV Hoctor aSeventh Edition aDurban: bLexisNexis (Pty) Ltd, c2020 bx, 557 pages; c25 cm.  aLegal practice bLaw